Export and import documentation and procedures (Record no. 29662)
[ view plain ]
| 000 -LEADER | |
|---|---|
| fixed length control field | 00525nam a22001817a 4500 |
| 003 - CONTROL NUMBER IDENTIFIER | |
| control field | CUTN |
| 005 - DATE AND TIME OF LATEST TRANSACTION | |
| control field | 20190817170959.0 |
| 008 - FIXED-LENGTH DATA ELEMENTS--GENERAL INFORMATION | |
| fixed length control field | 190817b ||||| |||| 00| 0 eng d |
| 020 ## - INTERNATIONAL STANDARD BOOK NUMBER | |
| International Standard Book Number | 9788180941832 |
| 041 ## - LANGUAGE CODE | |
| Language | English |
| 082 ## - DEWEY DECIMAL CLASSIFICATION NUMBER | |
| Edition number | 23 |
| Classification number | 382 |
| Item number | SEN |
| 100 ## - MAIN ENTRY--PERSONAL NAME | |
| Personal name | Senthilvelmurugan J., |
| 245 ## - TITLE STATEMENT | |
| Title | Export and import documentation and procedures |
| Statement of responsibility, etc | J. Senthilvelmurugan & S. Mahalakshmi. |
| 260 ## - PUBLICATION, DISTRIBUTION, ETC. (IMPRINT) | |
| Place of publication, distribution, etc | Chennai : |
| Name of publisher, distributor, etc | MJP Publishers, |
| Date of publication, distribution, etc | 2013. |
| 300 ## - PHYSICAL DESCRIPTION | |
| Extent | ix, 222 pages ; |
| Dimensions | 22cm |
| 700 ## - ADDED ENTRY--PERSONAL NAME | |
| Personal name | Mahalakshmi S |
| 942 ## - ADDED ENTRY ELEMENTS (KOHA) | |
| Source of classification or shelving scheme | Dewey Decimal Classification |
| Koha item type | General Books |
| Withdrawn status | Lost status | Source of classification or shelving scheme | Damaged status | Not for loan | Collection code | Home library | Location | Shelving location | Date of Cataloging | Total Checkouts | Full call number | Barcode | Date last seen | Copy number | Price effective from | Koha item type |
|---|---|---|---|---|---|---|---|---|---|---|---|---|---|---|---|---|
| Dewey Decimal Classification | Non-fiction | CUTN Central Library | CUTN Central Library | Social Sciences | 17/08/2019 | 382 SEN | 37035 | 17/08/2019 | 1 | 17/08/2019 | General Books | |||||
| Dewey Decimal Classification | Non-fiction | CUTN Central Library | CUTN Central Library | Social Sciences | 30/07/2025 | 382 SEN | 51642 | 30/07/2025 | 2 | 30/07/2025 | General Books |
